000 00540nam a2200229Ia 4500
003 IT-RoPAU
008 120407s9999 xx 000 0 und d
040 _aIT-RoPAU
040 _cIT-RoPAU
041 _aita
100 _aMaria I. Macioti
245 _aReligione, Chiesa e Strutture sociali. Studi e ricerche di sociologia religiosa.
250 _aNapoli
260 _aLiguori
260 _c1974
300 _a252 p.
300 _c21 cm
490 _aContributi di sociologia
490 _v116
942 _cBK
999 _c30440
_d30440